000
00198 a2200097 4500
001
11121
100
_a
Lane-Poole, S.
245
_a
Mediaeval India
260
_a
_b
Sang Mee
_c
090
_c
8676
_d
8676
942
_a
NUST-CAE
_c
M
_c
35462
999
_c
246194
_d
246194